Projektový management

Na minha lista:
Detalhes bibliográficos
Autor principal: Posner, Keith
Outros Autores: Applegarth, Mike, Vaňková, Klára
Formato: Livro
Idioma:tcheco
Publicado em: Praha Portál 2006
Colecção:Management do kapsy 7
Assuntos:
Tags: Adicionar Tag
Sem tags, seja o primeiro a adicionar uma tag!

MARC

LEADER 00000nam$a2200000$$$4500
001 0067224
005 20240315114643.3
020 |a 80-7367-141-7 
041 0 |a cze 
044 |a CZ 
245 1 0 |a Projektový management  |c Keith Posner, Mike Applegarth ; prekl. Klára Vaňková 
264 1 |a Praha  |b Portál  |c 2006 
300 |a 111 s. 
490 1 |a Management do kapsy 7 
830 0 |a Management do kapsy 7 
500 |a Na obale a v tiráži uvedené chybne meno autora Keith Poster 
610 2 0 |a riadenie projektové 
610 2 0 |a plánovanie projektové 
610 2 0 |a analýzy 
610 2 0 |a tímy pracovné 
610 2 0 |a kontrola 
610 2 0 |a komunikácia manažérska 
100 1 |a Posner, Keith 
700 1 |a Applegarth, Mike 
700 1 |a Vaňková, Klára